| 000 | 01504nam0a2200337 4500 | ||
|---|---|---|---|
| 001 | RU\NLR\b_ik\100456 | ||
| 005 | 20250616225045.0 | ||
| 035 | _a(NLR Aleph) 002174357 | ||
| 090 |
_a2697236 _c2697236 |
||
| 100 | _a20030912d2002 |||y0rusy50 ca | ||
| 101 | 0 |
_aeng _drus |
|
| 102 | _aRU | ||
| 105 | _aa ||||||||| | ||
| 200 | 1 |
_aOn the correct determination of the MCF parameters _fV.V. Flichenkov, N.N. Grafov, K.I. Gritsaj, S.M. Sadetsky |
|
| 210 |
_aДубна _cОбъед. ин-т ядер. исслед. _d2002 |
||
| 215 |
_a9, [1] с. _cил. _d22 |
||
| 225 | 1 |
_aОбъединенный институт ядерных исследований, Дубна _vE15-2002-285 |
|
| 300 | _aНа 3-й с. обл.: О корректном определении параметров процесса мюонного катализа / Фильченков В.В. и др. | ||
| 300 | _aРез. на рус. яз. | ||
| 320 | _aБиблиогр. в конце кн. (7 назв.) | ||
| 517 | 0 | _aО корректном определении параметров процесса мюонного катализа | |
| 606 | 0 |
_aМюонный катализ _xИсследование _92224725 _3RU\NLR\AUTH\661335618 |
|
| 686 | 4 | _aГ555.2с | |
| 701 | 1 |
_aFilčenkov _bV. V. _gVladimir Vladimirovič _4070 |
|
| 701 | 1 |
_aGrafov _bN. N. _4070 |
|
| 701 | 1 |
_aGricaj _bK. I. _4070 |
|
| 701 | 1 |
_aSadeckij _bS. M. _4070 |
|
| 801 | 0 |
_aRU _bNLR _c20030912 _gPSBO |
|
| 942 | _cBOOK | ||
| 980 | _aNB | ||